[Event "EU-ch U12 Girls"]
[Site "Prague"]
[Date "2024.08.29"]
[Round "7"]
[White "Berezovskaya, Arina"]
[Black "Alfaro Aldunate, Amaya"]
[Result "1-0"]
[WhiteElo "1647"]
[BlackElo "1725"]
[PlyCount "79"]
[EventDate "2024.08.22"]
[EventType "swiss"]
[EventRounds "9"]
[EventCountry "CZE"]
[SourceTitle "CBM 221 Extra"]
[Source "ChessBase"]
[SourceDate "2024.09.30"]
[SourceVersion "1"]
[SourceVersionDate "2024.09.30"]
[SourceQuality "1"]

1. e4 c5 2. Nf3 Nc6 3. Bb5 g6 4. Bxc6 dxc6 5. 0-0 Qc7 6. h3 e5 7. d3 Nf6 8. Be3 Nh5 9. Nbd2 f6 10. Nb3 b6 11. a4 a5 12. Re1 Qf7 13. c3 Be6 14. Nc1 Rd8 15. Qc2 h6 16. d4 cxd4 17. cxd4 exd4 18. Nxd4 c5 19. Nf3 g5 20. Rd1 Bd6 21. b4 axb4 22. a5 b3 23. Qc3 Bh2+ 24. Kxh2 Rxd1 25. axb6 c4 26. Ra7 Rd7 27. Ra8+ Rd8 28. Ra7 Bd7 29. Bc5 Qe6 30. b7 Kf7 31. e5 f5 32. Bd6 Qd5 33. b8Q Rxb8 34. Rxd7+ Kg8 35. Bxb8 Qxd7 36. Qxc4+ Kh7 37. Qxb3 g4 38. hxg4 fxg4 39. Nh4 Rg8 40. g3 1-0

[Event "Chigorin Memorial 30th"]
[Site "St Petersburg"]
[Date "2023.10.25"]
[Round "5"]
[White "Berezovskaya, Arina"]
[Black "Shepel, Ivan"]
[Result "1-0"]
[WhiteElo "1408"]
[BlackElo "1579"]
[PlyCount "83"]
[EventDate "2023.10.21"]
[EventType "swiss"]
[EventRounds "9"]
[EventCountry "RUS"]
[SourceTitle "CBM 216 Extra"]
[Source "ChessBase"]
[SourceDate "2023.11.30"]
[SourceVersion "1"]
[SourceVersionDate "2023.11.30"]
[SourceQuality "1"]

1. e4 c5 2. Nf3 Nc6 3. Bb5 g6 4. Bxc6 dxc6 5. d3 Bg7 6. h3 e5 7. Nc3 Ne7 8. Be3 Qd6 9. Qd2 h6 10. 0-0 Be6 11. a4 a5 12. Nh2 g5 13. Ne2 f5 14. exf5 Nxf5 15. Nc3 Bd5 16. Ne4 Bxe4 17. dxe4 Qxd2 18. Bxd2 Nd4 19. c3 Nb3 20. Rad1 Nxd2 21. Rxd2 Rd8 22. Rxd8+ Kxd8 23. Rd1+ Ke7 24. Ng4 Rd8 25. Rxd8 Kxd8 26. c4 Kd7 27. Kf1 Ke6 28. Ke2 h5 29. Ne3 Kf6 30. Nf5 Bf8 31. Ng3 Kg6 32. Nf5 Kf6 33. Kd3 Kg6 34. Ke3 Kf6 35. Kf3 Kg6 36. h4 g4+ 37. Ke2 Kf6 38. f3 gxf3+ 39. Kxf3 Kf7 40. g3 Kf6 41. g4 Kg6 42. Kg3 1-0

[Event "Chigorin Memorial 30th"]
[Site "St Petersburg"]
[Date "2023.10.24"]
[Round "4"]
[White "Dudkin, Mikhail Dm"]
[Black "Berezovskaya, Arina"]
[Result "1-0"]
[WhiteElo "1680"]
[BlackElo "1408"]
[PlyCount "73"]
[EventDate "2023.10.21"]
[EventType "swiss"]
[EventRounds "9"]
[EventCountry "RUS"]
[SourceTitle "CBM 216 Extra"]
[Source "ChessBase"]
[SourceDate "2023.11.30"]
[SourceVersion "1"]
[SourceVersionDate "2023.11.30"]
[SourceQuality "1"]

1. d4 Nf6 2. c4 e6 3. Nc3 Bb4 4. f3 0-0 5. a3 Bxc3+ 6. bxc3 c5 7. e4 d6 8. Bd3 Nc6 9. Ne2 b6 10. Bg5 h6 11. Bh4 e5 12. 0-0 Nb8 13. f4 exf4 14. e5 dxe5 15. dxe5 g5 16. exf6 gxh4 17. Rxf4 Nd7 18. Be4 Rb8 19. Qd6 Bb7 20. Rg4+ Kh8 21. Bxb7 Rxb7 22. Rxh4 Nxf6 23. Qf4 Nh7 24. Qxh6 f5 25. Nf4 Rf6 26. Qh5 Rd6 27. Nd5 Qf8 28. Re1 Rd8 29. Re5 Qg7 30. Rxf5 Rg8 31. g3 Rf8 32. Qxh7+ Qxh7 33. Rxf8+ Kg7 34. Rxh7+ Kxh7 35. Re8 Kg7 36. Re7+ Rxe7 37. Nxe7 1-0

[Event "Chigorin Memorial 30th"]
[Site "St Petersburg"]
[Date "2023.10.22"]
[Round "2"]
[White "Iudina, Veronika"]
[Black "Berezovskaya, Arina"]
[Result "1-0"]
[WhiteElo "1720"]
[BlackElo "1408"]
[PlyCount "83"]
[EventDate "2023.10.21"]
[EventType "swiss"]
[EventRounds "9"]
[EventCountry "RUS"]
[SourceTitle "CBM 216 Extra"]
[Source "ChessBase"]
[SourceDate "2023.11.30"]
[SourceVersion "1"]
[SourceVersionDate "2023.11.30"]
[SourceQuality "1"]

1. e4 e5 2. Nf3 Nc6 3. Bb5 Nf6 4. 0-0 Nxe4 5. Re1 Nd6 6. Bxc6 dxc6 7. Nxe5 Be7 8. d4 0-0 9. Nd2 Be6 10. Ndf3 Bf6 11. b3 Nf5 12. c4 Nh4 13. Nxh4 Bxh4 14. Bb2 Bf6 15. f4 a5 16. a4 Re8 17. Qf3 Bd7 18. Rad1 Bxe5 19. dxe5 Qe7 20. f5 Rad8 21. Qg4 Bc8 22. e6 f6 23. Qf3 Rxd1 24. Rxd1 Rd8 25. Ba3 Qe8 26. h3 b6 27. Kh2 Bb7 28. Rd3 h6 29. Re3 Rd2 30. Qf4 Ra2 31. Qxc7 Rxa3 32. Rg3 Qf8 33. Qxb7 b5 34. cxb5 cxb5 35. Qxb5 Ra1 36. Qd5 Kh7 37. Qd7 Re1 38. Qf7 Qg8 39. Rc3 Re5 40. Qg6+ Kh8 41. Rc7 Re1 42. Rb7 1-0

[Event "EU-ch U10 Girls 30th"]
[Site "Antalya"]
[Date "2022.11.09"]
[Round "4"]
[White "Berezovskaya, Arina"]
[Black "Lampou, Marianta"]
[Result "0-1"]
[WhiteElo "1290"]
[BlackElo "1415"]
[PlyCount "92"]
[EventDate "2022.11.06"]
[EventType "swiss"]
[EventRounds "9"]
[EventCountry "TUR"]
[SourceTitle "CBM 211 Extra"]
[Source "ChessBase"]
[SourceDate "2023.01.31"]
[SourceVersion "1"]
[SourceVersionDate "2023.01.31"]
[SourceQuality "1"]

1. e4 c6 2. d4 d5 3. exd5 cxd5 4. Bd3 Nc6 5. c3 Nf6 6. Bf4 e6 7. Nf3 Bd6 8. Bg3 0-0 9. Nbd2 Re8 10. Ne5 Bxe5 11. dxe5 Nd7 12. Nf3 Qb6 13. Bxh7+ Kxh7 14. Ng5+ Kg8 15. Qh5 Ndxe5 16. Qh7+ Kf8 17. Qh8+ Ke7 18. Qxg7 Qxb2 19. Bxe5 Qxa1+ 20. Ke2 Qxa2+ 21. Ke3 Nxe5 22. Qxe5 Bd7 23. Qg7 Rf8 24. Nh7 Rg8 25. Qf6+ Ke8 26. Qd4 Kd8 27. Qf6+ Kc7 28. Qxf7 Qc2 29. Nf6 Qxc3+ 30. Ke2 Rgd8 31. Qg7 d4 32. Rd1 Kc8 33. Nxd7 Rxd7 34. Qg8+ Kc7 35. Qxa8 d3+ 36. Kf1 Qc2 37. Ra1 d2 38. g3 d1Q+ 39. Rxd1 Rxd1+ 40. Kg2 Qe4+ 41. Kh3 Rd7 42. g4 Qf3+ 43. Kh4 Rh7+ 44. Kg5 Rg7+ 45. Kh6 Qf6+ 46. Kh5 Qg5# 0-1

[Event "Wch U10 Girls"]
[Site "Batumi"]
[Date "2022.09.25"]
[Round "9"]
[White "Berezovskaya, Arina"]
[Black "Berikkyzy, Aiaru"]
[Result "1/2-1/2"]
[WhiteElo "1336"]
[BlackElo "1152"]
[PlyCount "78"]
[EventDate "2022.09.16"]
[EventType "swiss"]
[EventRounds "11"]
[EventCountry "GEO"]
[SourceTitle "EXT 2023"]
[Source "ChessBase"]
[SourceDate "2022.10.05"]
[SourceVersion "1"]
[SourceVersionDate "2022.10.05"]
[SourceQuality "1"]

1. e4 c5 2. Nf3 Nf6 3. Nc3 d5 4. exd5 Nxd5 5. Bb5+ Nc6 6. Bxc6+ bxc6 7. 0-0 Bg4 8. h3 Bh5 9. Ne4 e6 10. Ng3 Bg6 11. d3 Bd6 12. Ne4 Be7 13. Re1 0-0 14. Ne5 Qc7 15. Nxg6 hxg6 16. Bd2 Rab8 17. Rb1 Rfd8 18. Nc3 Bf6 19. Qf3 Nxc3 20. Bxc3 Bxc3 21. bxc3 c4 22. d4 c5 23. Qe3 cxd4 24. cxd4 Qa5 25. Qe5 Qxe5 26. dxe5 Rxb1 27. Rxb1 Rd2 28. Rb8+ Kh7 29. Rb7 Rxc2 30. Rxa7 c3 31. Rc7 Rc1+ 32. Kh2 c2 33. a4 Ra1 34. Rxc2 Rxa4 35. Rc7 Kg8 36. Rc8+ Kh7 37. Rc7 Kg8 38. Rc8+ Kh7 39. Rc7 Kg8 1/2-1/2

[Event "Wch U10 Girls"]
[Site "Batumi"]
[Date "2022.09.24"]
[Round "8"]
[White "Akuratiya, AG Hansadie Aradhya"]
[Black "Berezovskaya, Arina"]
[Result "1/2-1/2"]
[WhiteElo "1090"]
[BlackElo "1336"]
[PlyCount "149"]
[EventDate "2022.09.16"]
[EventType "swiss"]
[EventRounds "11"]
[EventCountry "GEO"]
[SourceTitle "EXT 2023"]
[Source "ChessBase"]
[SourceDate "2022.10.05"]
[SourceVersion "1"]
[SourceVersionDate "2022.10.05"]
[SourceQuality "1"]

1. e4 c6 2. d4 d5 3. e5 Bf5 4. Nc3 e6 5. Nf3 Bb4 6. Bd2 Nd7 7. a3 Bxc3 8. Bxc3 a5 9. Be2 Ne7 10. Qd2 b5 11. 0-0 0-0 12. b4 a4 13. Kh1 Nb6 14. Rg1 Kh8 15. Rac1 Ng6 16. Ng5 h6 17. Nf3 Bg4 18. Bd3 Ne7 19. Qf4 Bf5 20. g4 Bxd3 21. cxd3 Ng6 22. Qg3 f6 23. Bd2 Rc8 24. Qh3 Kg8 25. Qh5 Qe8 26. exf6 Rxf6 27. g5 Rf5 28. Qh3 Qf7 29. Rg3 Rf8 30. Rxc6 Rxf3 31. Rxb6 Rxf2 32. Be3 Rf1+ 33. Bg1 Qf5 34. Qxf5 R8xf5 35. gxh6 Rf6 36. h4 Kh7 37. hxg7 Ne7 38. Rb8 Ng8 39. Rg5 Rh6 40. h5 Rf4 41. Be3 Rh4+ 42. Kg2 R4xh5 43. Rg4 Rh4 44. Rg3 Rh2+ 45. Kf3 R6h3 46. Bf4 Rxg3+ 47. Kxg3 Ra2 48. Rxb5 Rxa3 49. Kg4 Rxd3 50. Be5 a3 51. Rc5 a2 52. Rc1 Rb3 53. Ra1 Rb2 54. Kg5 Rg2+ 55. Kh5 Rb2 56. b5 Rxb5 57. Kg5 Rb1 58. Rxa2 Rg1+ 59. Kh5 Rh1+ 60. Kg4 Rg1+ 61. Kh4 Rh1+ 62. Kg3 Rg1+ 63. Kf3 Rg6 64. Kf4 Rh6 65. Rb2 Rh4+ 66. Kg5 Rh6 67. Kg4 Rg6+ 68. Kf4 Rh6 69. Kg5 Rg6+ 70. Kf4 Rh6 71. Rb6 Rh4+ 72. Kg5 Rh6 73. Kf4 Rh4+ 74. Kg5 Rh6 75. Kf4 1/2-1/2

[Event "Wch U10 Girls blitz"]
[Site "Rhodes"]
[Date "2022.05.03"]
[Round "7"]
[White "Olariu Chilut, Sofia"]
[Black "Berezovskaya, Arina"]
[Result "0-1"]
[WhiteElo "1149"]
[BlackElo "1310"]
[PlyCount "83"]
[EventDate "2022.05.03"]
[EventType "swiss (blitz)"]
[EventRounds "9"]
[EventCountry "GRE"]
[SourceTitle "CBM 208 Extra"]
[Source "ChessBase"]
[SourceDate "2022.07.31"]
[SourceVersion "1"]
[SourceVersionDate "2022.07.31"]
[SourceQuality "1"]

1. e4 e5 2. Nf3 Nf6 3. Nc3 Nc6 4. d4 exd4 5. Nxd4 Bb4 6. Nxc6 bxc6 7. Bd3 d5 8. exd5 cxd5 9. 0-0 0-0 10. Bg5 Bxc3 11. bxc3 c6 12. h3 h6 13. Be3 Be6 14. Re1 Ne4 15. Bxe4 dxe4 16. Qxd8 Rfxd8 17. Bd4 f5 18. Rad1 Bxa2 19. Bc5 Be6 20. Rxd8+ Rxd8 21. Bxa7 Rd2 22. Be3 Rxc2 23. Bd4 c5 24. Be5 Kf7 25. Re3 Ba2 26. Rg3 g5 27. Re3 c4 28. f4 Ke6 29. Bg7 gxf4 30. Re1 h5 31. Bh6 Ke5 32. Bg7+ Kd5 33. Rd1+ Ke6 34. Rf1 e3 35. Re1 e2 36. Bd4 Rd2 37. Kh2 Kd5 38. Bf2 Ke4 39. h4 Kd3 40. Bd4 Rd1 41. Rxd1+ exd1Q 42. Be5 0-1

[Event "Wch U10 Girls blitz"]
[Site "Rhodes"]
[Date "2022.05.03"]
[Round "5"]
[White "Onipko, Kateryna"]
[Black "Berezovskaya, Arina"]
[Result "1/2-1/2"]
[WhiteElo "1439"]
[BlackElo "1310"]
[PlyCount "168"]
[EventDate "2022.05.03"]
[EventType "swiss (blitz)"]
[EventRounds "9"]
[EventCountry "GRE"]
[SourceTitle "CBM 208 Extra"]
[Source "ChessBase"]
[SourceDate "2022.07.31"]
[SourceVersion "1"]
[SourceVersionDate "2022.07.31"]
[SourceQuality "1"]

1. d4 Nf6 2. c4 e6 3. Nc3 Bb4 4. Qc2 b6 5. a3 Bxc3+ 6. Qxc3 Bb7 7. Bg5 h6 8. Bh4 d6 9. e3 Nbd7 10. Bd3 0-0 11. Nf3 Re8 12. Be2 e5 13. d5 Nc5 14. b4 Nce4 15. Qc2 c5 16. b5 a6 17. Bxf6 Nxf6 18. Qb1 e4 19. Nd2 axb5 20. Qxb5 Ba6 21. Qb3 Rb8 22. Qa4 Ra8 23. Qb3 Rb8 24. Rb1 Qc7 25. Bd1 Rb7 26. a4 Reb8 27. Be2 Re8 28. a5 bxa5 29. Qa2 Rxb1+ 30. Qxb1 Rb8 31. Qa2 Qb6 32. 0-0 Qb2 33. Qxa5 Qb6 34. Qxb6 Rxb6 35. h3 Nxd5 36. Nxe4 Nf6 37. Nc3 d5 38. cxd5 Bxe2 39. Nxe2 Nxd5 40. Rc1 Rc6 41. Nd4 Rc8 42. Nb3 c4 43. Nd4 c3 44. Kf1 Nb4 45. Ke2 Kf8 46. Nc2 Nd5 47. Kd3 Ke7 48. Kd4 Ke6 49. Ne1 Rd8 50. Kc4 Rc8+ 51. Kb3 Ke5 52. Nd3+ Ke6 53. Nf4+ Nxf4 54. exf4 Kf5 55. Rxc3 Rxc3+ 56. Kxc3 Kxf4 57. Kd2 Ke4 58. Ke2 f5 59. f3+ Kf4 60. Kf2 g5 61. g3+ Ke5 62. Ke3 Kd5 63. f4 Kc4 64. fxg5 hxg5 65. h4 gxh4 66. gxh4 Kd5 67. Kf4 Ke6 68. Kg5 Kf7 69. Kxf5 Kg7 70. Kg5 Kh7 71. Kh5 Kh8 72. Kh6 Kg8 73. Kg6 Kh8 74. h5 Kg8 75. Kg5 Kh8 76. Kh6 Kg8 77. Kg6 Kh8 78. h6 Kg8 79. Kg5 Kh8 80. Kh4 Kh7 81. Kh5 Kg8 82. Kg5 Kh8 83. Kg6 Kg8 84. Kf6 Kh8 1/2-1/2

[Event "Wch U10 Girls rapid"]
[Site "Rhodes"]
[Date "2022.05.02"]
[Round "7"]
[White "Berezovskaya, Arina"]
[Black "Bryant, Amelie"]
[Result "1-0"]
[WhiteElo "1219"]
[BlackElo "1153"]
[PlyCount "151"]
[EventDate "2022.05.01"]
[EventType "swiss (rapid)"]
[EventRounds "9"]
[EventCountry "GRE"]
[SourceTitle "CBM 208 Extra"]
[Source "ChessBase"]
[SourceDate "2022.07.31"]
[SourceVersion "1"]
[SourceVersionDate "2022.07.31"]
[SourceQuality "1"]

1. e4 e5 2. Nf3 Nc6 3. Bb5 a6 4. Bxc6 dxc6 5. d4 exd4 6. Qxd4 Bg4 7. Nbd2 Bxf3 8. Nxf3 Nf6 9. Qxd8+ Rxd8 10. Bg5 Be7 11. e5 Nd5 12. Bxe7 Nxe7 13. 0-0 0-0 14. Rad1 Rfe8 15. Nd4 c5 16. Nb3 c4 17. Nc5 Nc6 18. f4 Nd4 19. Nxb7 Ne2+ 20. Kf2 Rxd1 21. Rxd1 Nxf4 22. Rd8 Kf8 23. Rxe8+ Kxe8 24. Nc5 Ng6 25. Nxa6 Kd7 26. Nc5+ Kc6 27. Ne4 Nxe5 28. Ng5 Ng4+ 29. Ke2 Nxh2 30. Nxf7 Kd5 31. Ng5 h6 32. Nh3 Ng4 33. Nf4+ Ke4 34. Ne6 c6 35. Nxg7 Kd4 36. c3+ Ke4 37. Ne6 Nf6 38. Nd4 c5 39. Ne6 Kd5 40. Nf4+ Ke4 41. Ne6 Nd7 42. a4 Kd5 43. Nf4+ Kc6 44. Kd2 Nb6 45. Kc2 Nxa4 46. Ne6 Kb5 47. Nc7+ Kb6 48. Nd5+ Kc6 49. Ne7+ Kb7 50. Nf5 h5 51. Ng7 h4 52. Nf5 Nb6 53. Nxh4 Kc7 54. g4 Kd7 55. Nf5 Ke6 56. Ne3 Ke5 57. g5 Ke6 58. b4 cxb4 59. cxb4 Kd6 60. g6 Nd7 61. g7 Nf6 62. Nf5+ Kd5 63. Nh6 Kd4 64. g8Q Nxg8 65. Nxg8 c3 66. Ne7 Kc4 67. Nc6 Kb5 68. Kxc3 Kxc6 69. Kc4 Kb6 70. b5 Kb7 71. Kc5 Ka7 72. Kc6 Kb8 73. Kb6 Ka8 74. Kc7 Ka7 75. b6+ Ka8 76. b7+ 1-0

[Event "EU-ch Hybrid U10 Girls"]
[Site "Tornelo INT"]
[Date "2021.10.15"]
[Round "8"]
[White "Berezovskaya, Arina"]
[Black "Beber, Anja"]
[Result "1/2-1/2"]
[WhiteElo "1102"]
[BlackElo "1552"]
[PlyCount "81"]
[EventDate "2021.10.15"]
[EventType "swiss"]
[EventRounds "9"]
[EventCountry "NET"]
[SourceTitle "EXT 2023"]
[Source "ChessBase"]
[SourceDate "2022.10.05"]
[SourceVersion "1"]
[SourceVersionDate "2022.10.05"]
[SourceQuality "1"]
[WhiteTeam "Russia"]
[BlackTeam "Slovenia"]
[WhiteTeamCountry "RUS"]
[BlackTeamCountry "SLO"]

1. e4 g6 2. d4 Bg7 3. Nc3 c6 4. Nf3 d6 5. Be3 Nd7 6. Bd3 Ngf6 7. h3 Qc7 8. 0-0 0-0 9. Qd2 Rd8 10. Bh6 Bh8 11. Bc4 Nf8 12. Ng5 d5 13. Bxf8 Kxf8 14. e5 dxc4 15. exf6 exf6 16. Nf3 Be6 17. Ne2 Qd6 18. Qf4 Qxf4 19. Nxf4 g5 20. Nxe6+ fxe6 21. Rfe1 Kf7 22. c3 h5 23. a4 a5 24. Nd2 b5 25. Ne4 Bg7 26. Nc5 Re8 27. axb5 cxb5 28. Nb7 Bf8 29. Nxa5 Rec8 30. Nb7 Be7 31. Nc5 Rxa1 32. Rxa1 Bxc5 33. dxc5 Rxc5 34. Ra7+ Kg6 35. Rb7 Kf5 36. f3 h4 37. Rb6 Re5 38. Kf2 Rd5 39. Ke2 e5 40. Ke3 Rc5 41. Kf2 1/2-1/2

[Event "EU-ch Hybrid U10 Girls"]
[Site "Tornelo INT"]
[Date "2021.10.15"]
[Round "1"]
[White "Berezovskaya, Arina"]
[Black "Timagina, Sofia"]
[Result "1-0"]
[WhiteElo "1102"]
[BlackElo "1472"]
[PlyCount "49"]
[EventDate "2021.10.15"]
[EventType "swiss"]
[EventRounds "9"]
[EventCountry "NET"]
[SourceTitle "EXT 2023"]
[Source "ChessBase"]
[SourceDate "2022.10.05"]
[SourceVersion "1"]
[SourceVersionDate "2022.10.05"]
[SourceQuality "1"]
[WhiteTeam "Russia"]
[BlackTeam "Slovenia"]
[WhiteTeamCountry "RUS"]
[BlackTeamCountry "SLO"]

1. e4 e5 2. Nf3 Nc6 3. Bb5 Nge7 4. Nc3 Ng6 5. d3 a6 6. Ba4 Bc5 7. 0-0 0-0 8. Bb3 d6 9. Bg5 Qe8 10. Nd5 Qd7 11. h3 h6 12. Bxh6 Nce7 13. Nxe7+ Qxe7 14. Bg5 Qe8 15. Nh4 Nxh4 16. Bxh4 Be6 17. Bxe6 Qxe6 18. c3 Qg6 19. Qd2 Rae8 20. Qg5 Qe6 21. Qg3 d5 22. exd5 Qxd5 23. Bf6 g6 24. Qh4 Be7 25. Qh8# 1-0